000 01049nam a2200181Ia 4500
008 100921s9999 xx 000 0 und d
082 _b43851
_a923.8 न 10
100 _aबियाणी प्रकाश,अनु.देशपांडे रेणुकादास.
245 _aलक्ष्मीनिवास मित्तल -स्टीलकिंगच्या यशाची कहाणी.
260 _bसाकेत प्रकाशन,औरंगाबाद.
_c2010
300 _a111
_bजयेश एजन्सी,पुणे.
365 _b90
520 _aचरित्र-व्यापार,वहातूक.
630 _aलक्ष्मीनिवास मित्तल -स्टीलकिंगच्या यशाची कहाणी.
650 _aचरित्र-व्यापार,वहातूक.
730 _aलक्ष्मीनिवास मित्तल -स्टीलकिंगच्या यशाची कहाणी.
942 _cBOOK
999 _c792964
_d792961